<?xml version='1.0' encoding='UTF-8'?>
  <record xmlns="http://www.loc.gov/MARC21/slim">
    <leader>00000ctm a22000007i 4500</leader>
    <controlfield tag="001">ocn965406298</controlfield>
    <controlfield tag="003">OCoLC</controlfield>
    <controlfield tag="005">20250326123546.7</controlfield>
    <controlfield tag="008">130222q1270    xx            000 0 ara d</controlfield>
    <datafield tag="040" ind1=" " ind2=" ">
      <subfield code="a">QGJ</subfield>
      <subfield code="b">dut</subfield>
      <subfield code="c">QGJ</subfield>
      <subfield code="d">OCLCL</subfield>
      <subfield code="d">OCLCQ</subfield>
    </datafield>
    <datafield tag="035" ind1=" " ind2=" ">
      <subfield code="a">(OCoLC)965406298</subfield>
    </datafield>
    <datafield tag="100" ind1="1" ind2=" ">
      <subfield code="a">Abhārī, Aṯīr al-Dīn al-Mufaḍḍal b. ʿUmar al-,</subfield>
      <subfield code="d">-1275.</subfield>
    </datafield>
    <datafield tag="245" ind1="1" ind2="3">
      <subfield code="a">al-Zīj al-mulakhkhaṣ min al-shāhī ʹala al-raṣ ʹalā'ī.</subfield>
      <subfield code="f">UBU Hs. 1442.</subfield>
    </datafield>
    <datafield tag="246" ind1="1" ind2=" ">
      <subfield code="a">Tabulae astronomicae</subfield>
    </datafield>
    <datafield tag="260" ind1=" " ind2=" ">
      <subfield code="c">[ca. 1270]</subfield>
    </datafield>
    <datafield tag="300" ind1=" " ind2=" ">
      <subfield code="a">47 fol. ;</subfield>
      <subfield code="c">244 x 160 (215 x 140) mm.</subfield>
    </datafield>
    <datafield tag="336" ind1=" " ind2=" ">
      <subfield code="a">text</subfield>
      <subfield code="b">txt</subfield>
      <subfield code="2">rdacontent</subfield>
    </datafield>
    <datafield tag="337" ind1=" " ind2=" ">
      <subfield code="a">unmediated</subfield>
      <subfield code="b">n</subfield>
      <subfield code="2">rdamedia</subfield>
    </datafield>
    <datafield tag="338" ind1=" " ind2=" ">
      <subfield code="a">volume</subfield>
      <subfield code="b">nc</subfield>
      <subfield code="2">rdacarrier</subfield>
    </datafield>
    <datafield tag="340" ind1=" " ind2=" ">
      <subfield code="a">papier.</subfield>
    </datafield>
    <datafield tag="500" ind1=" " ind2=" ">
      <subfield code="a">In P. A. Tiele, Catalogus codicum manu scriptorum Bibliothecae Universitatis Rheno-Trajectinae I o.d.t.: Tabulae astronomicae.</subfield>
    </datafield>
    <datafield tag="500" ind1=" " ind2=" ">
      <subfield code="a">Foliering als een westers manuscript, de fol. moeten in de Arabische volgorde gelezen worden m.u.v. fol. 45 dat verkeerd is ingebonden.</subfield>
    </datafield>
    <datafield tag="500" ind1=" " ind2=" ">
      <subfield code="a">Het manuscript is incompleet en bevat ca. tweederde van de Arabische tekst en tabellen van al-Zīj al-mulakhkhaṣ van Aṯīr al-Dīn al-Abharī.</subfield>
    </datafield>
    <datafield tag="500" ind1=" " ind2=" ">
      <subfield code="a">Vergelijking met een compleet manuscript (Kolkata, Indian National Library, Buhar 347) leert dat de fol. in Hs. 1442 in deze volgorde moeten worden gelezen: fol. 11, lacune, fol. 8, fol. 12, lacune, fol. 6, 5, 4, 3, 2, 1, lacune, fol. 33, 32, 19, 14, 31, 30, 29, 44, 40, lacune, fol. 45a-b, 16, 35, 25, lacune, 24, 42, lacune, 36, 37, 41, lacune, 39, 38, lacune, fol. 43, 28, 18, 15, 21, 34, lacune, fol. 13, 27, 26, 23, 22, 20, 10, 17.</subfield>
    </datafield>
    <datafield tag="500" ind1=" " ind2=" ">
      <subfield code="a">Het is niet bekend waar het handschrift is vervaardigd, vermoedelijk ergens in Noordwest Iran.</subfield>
    </datafield>
    <datafield tag="500" ind1=" " ind2=" ">
      <subfield code="a">Datering is een schatting, gebaseerd op een verwijzing naar de zonnekalender van Malik Sjah I, d.w.z. dat het handschrift tijdens of na de periode van de dynastie van de Seltsjoeken vervaardigd moet zijn.</subfield>
    </datafield>
    <datafield tag="500" ind1=" " ind2=" ">
      <subfield code="a">Fol. 9 is het begin van een hoofdstuk over een astronomisch instrument uit: Bayān al-ḥaqq fī ḍamān aṣ-ṣidq / Abū'l-ʻAbbās al-Faḍl b. Muḥammad al-Lawkarī.</subfield>
    </datafield>
    <datafield tag="500" ind1=" " ind2=" ">
      <subfield code="a">Fol. 7 is een ingeschoven blad en bevat een fragment uit een niet geïdentificeerd Arabisch werk over sferische trigonometrie.</subfield>
    </datafield>
    <datafield tag="500" ind1=" " ind2=" ">
      <subfield code="a">Fol. 7 en 9 zijn in dezelfde hand geschreven als de overige folia 1-45.</subfield>
    </datafield>
    <datafield tag="500" ind1=" " ind2=" ">
      <subfield code="a">Fol. 46 is in het Perzisch, bevat een tijdtafel met beroemde mensen en gebeurtenissen (o.m. de val van Constantinopel in 1453) en is dus veel later toegevoegd.</subfield>
    </datafield>
    <datafield tag="500" ind1=" " ind2=" ">
      <subfield code="a">Het handschrift werd door Christiaan Rau in 1640 in Constantinopel (Istanbul) gekocht en in 1683 aan de Universiteitsbibliotheek Utrecht geschonken.</subfield>
    </datafield>
    <datafield tag="500" ind1=" " ind2=" ">
      <subfield code="a">Los toegevoegd: Brief in typoscript van Edward Stewart Kennedy (1912-2009) aan Petrus Voorhoeve (1899-1996) d.d. 17-02-1954 met een beschrijving van het handschrift.</subfield>
    </datafield>
    <datafield tag="524" ind1=" " ind2=" ">
      <subfield code="a">Te citeren als: Universiteitsbibliotheek Utrecht Hs. 1442.</subfield>
    </datafield>
    <datafield tag="563" ind1=" " ind2=" ">
      <subfield code="a">Halfleren band over kartonnen platten.</subfield>
    </datafield>
    <datafield tag="581" ind1=" " ind2=" ">
      <subfield code="a">[P.A. Tiele], Catalogus codicum manu scriptorum Bibliothecae Universitatis Rheno-Trajectinae. I. Trajecti ad Rhenum / Hagae Comitis 1887. p. 340.</subfield>
    </datafield>
    <datafield tag="581" ind1=" " ind2=" ">
      <subfield code="a">P. Voorhoeve, Handlist of Arabic manuscripts in the Library of the University of Leiden and other collections in the Netherlands. Leiden 1957. (= Codices manuscripti Bibliothecae Universitatis Leidensis 7). p. 406.</subfield>
    </datafield>
    <datafield tag="581" ind1=" " ind2=" ">
      <subfield code="a">J. Hogendijk, 'De Utrecht Zij', in: Bijzonder onderzoek. Een ontdekkingsreis door de bijzondere collecties van de Universiteitsbibliotheek Utrecht. Onder red. van M. van Egmond, B. Jaski, H. Mulder. Utrecht 2009, p. 144-147. p. 144-147, afb. op p.145-146.</subfield>
    </datafield>
    <datafield tag="655" ind1=" " ind2="7">
      <subfield code="a">Handschriften (vorm)</subfield>
      <subfield code="0">(NL-LeOCL)088143309.</subfield>
      <subfield code="2">gtt</subfield>
    </datafield>
    <datafield tag="700" ind1="1" ind2=" ">
      <subfield code="a">Lawkar?, Ab?'l-?Abb?s al-Fa?l b. Mu?ammad al-,</subfield>
      <subfield code="d">-ca. 1123.</subfield>
    </datafield>
    <datafield tag="700" ind1="1" ind2=" ">
      <subfield code="a">Rau, Christiaan,</subfield>
      <subfield code="e">former owner.</subfield>
      <subfield code="4">fmo</subfield>
      <subfield code="5">NL-UtRU</subfield>
    </datafield>
    <datafield tag="758" ind1=" " ind2=" ">
      <subfield code="a">al-Zīj al-mulakhkhaṣ min al-shāhī ʹala al-raṣ ʹalā'ī UBU Hs. 1442 (Text)</subfield>
      <subfield code="1">https://id.oclc.org/worldcat/entity/E39PCYxdKYVYDpfwbqHrRG78md</subfield>
      <subfield code="4">https://id.oclc.org/worldcat/ontology/hasWork</subfield>
    </datafield>
    <datafield tag="856" ind1="4" ind2="1">
      <subfield code="u">http://objects.library.uu.nl/reader/resolver.php?obj=002489077&amp;type=2</subfield>
      <subfield code="x">Online</subfield>
      <subfield code="z">Full Text</subfield>
    </datafield>
    <datafield tag="936" ind1=" " ind2=" ">
      <subfield code="a">BATCHLOAD</subfield>
    </datafield>
  </record>